Welcome to WEB OPAC of MRSPTU Central Library

Web Programming : Building Internet Applications (Record no. 6557)

MARC details
000 -LEADER
fixed length control field 00523nam a2200205Ia 4500
003 - CONTROL NUMBER IDENTIFIER
control field OSt
005 - DATE AND TIME OF LATEST TRANSACTION
control field 20240319125021.0
008 - FIXED-LENGTH DATA ELEMENTS--GENERAL INFORMATION
fixed length control field 230711s9999||||xx |||||||||||||| ||und||
020 ## - INTERNATIONAL STANDARD BOOK NUMBER
International Standard Book Number 978-81-265-1290-4
040 ## - CATALOGING SOURCE
Transcribing agency Central Library MRSPTU
041 ## - LANGUAGE CODE
Language code of text/sound track or separate title ENG
082 ## - DEWEY DECIMAL CLASSIFICATION NUMBER
Classification number 4.6
Item number BA-W
100 ## - MAIN ENTRY--PERSONAL NAME
Personal name Bates,Chris
245 #0 - TITLE STATEMENT
Title Web Programming : Building Internet Applications
250 ## - EDITION STATEMENT
Edition statement 3rd Ed.
260 ## - PUBLICATION, DISTRIBUTION, ETC.
Date of publication, distribution, etc. 2006
Place of publication, distribution, etc. New Delhi
Name of publisher, distributor, etc. Wiley India Pvt.Ltd
300 ## - PHYSICAL DESCRIPTION
Extent 654p.
650 ## - SUBJECT ADDED ENTRY--TOPICAL TERM
Topical term or geographic name entry element Computer Engineering
942 ## - ADDED ENTRY ELEMENTS (KOHA)
Koha item type Book
Source of classification or shelving scheme Dewey Decimal Classification
Holdings
Withdrawn status Lost status Damaged status Not for loan Collection Home library Current library Date acquired Source of acquisition Cost, normal purchase price Inventory number Total checkouts Full call number Barcode Date last seen Price effective from Koha item type Date last checked out
          MRSPTU Central Library MRSPTU Central Library   Krishna Book Distributors 689.00 KBD/2017-2018/1018743059   4.6 BA-W 38863 08/17/2023 08/17/2023 Book  
          MRSPTU Central Library MRSPTU Central Library   Krishna Book Distributors 689.00 KBD/2017-2018/1018743059   4.6 BA-W 38864 08/17/2023 08/17/2023 Book  
          MRSPTU Central Library MRSPTU Central Library   Krishna Book Distributors 689.00 KBD/2017-2018/1018743059 1 4.6 BA-W 38865 04/29/2024 08/17/2023 Book 03/19/2024
          MRSPTU Central Library MRSPTU Central Library   Krishna Book Distributors 689.00 KBD/2017-2018/1018743059 1 4.6 BA-W 38866 08/28/2025 08/17/2023 Book 08/26/2025
          MRSPTU Central Library MRSPTU Central Library   Krishna Book Distributors 689.00 KBD/2017-2018/1018743059 4 4.6 BA-W 38867 11/06/2025 08/17/2023 Book 10/10/2025
          MRSPTU Central Library MRSPTU Central Library   Krishna Book Distributors 689.00 KBD/2017-2018/1018743059   4.6 BA-W 38868 08/17/2023 08/17/2023 Book  
          MRSPTU Central Library MRSPTU Central Library   Krishna Book Distributors 689.00 KBD/2017-2018/1018743059 2 4.6 BA-W 38869 09/08/2025 08/17/2023 Book 08/11/2025
          MRSPTU Central Library MRSPTU Central Library   Krishna Book Distributors 689.00 KBD/2017-2018/1018743059   4.6 BA-W 38870 08/17/2023 08/17/2023 Book  
          MRSPTU Central Library MRSPTU Central Library   Krishna Book Distributors 689.00 KBD/2017-2018/1018743059   4.6 BA-W 38871 08/17/2023 08/17/2023 Book  
          MRSPTU Central Library MRSPTU Central Library   Krishna Book Distributors 689.00 KBD/2017-2018/1018743059 1 4.6 BA-W 38872 09/24/2024 08/17/2023 Book 09/03/2024

Website Designed and Developed by MRSPTU Central Library Team

E-mail Id: librarian@mrsptu.ac.in